History Quiz

Random History Quiz

JFK's Presidents Quiz Stats

 Plays Quiz not verified by Sporcle

Also try: Rulers of Russia
Challenge
Share
Tweet
Embed
Score 0/6 Timer 01:00
0 Plays Today
President % Correct
Franklin Roosevelt
95.8%
Theodore Roosevelt
92.3%
Woodrow Wilson
88.8%
Calvin Coolidge
86.7%
William Howard Taft
84.6%
Warren Harding
74.1%

You're not logged in!

Compare scores with friends on all Sporcle quizzes.
Join for Free
OR
Log In

You Might Also Like...

Show Comments

Extras

Created May 29, 2017ReportNominate
Tags:alive, away, date, death, JFK, President

Top Quizzes Today


Score Distribution

Your Account Isn't Verified!

In order to create a playlist on Sporcle, you need to verify the email address you used during registration. Go to your Sporcle Settings to finish the process.

Report this User

Report this user for behavior that violates our Community Guidelines.

Details: